Фамильное приведение: Роман

Chi tiết về thư mục
Tác giả chính: Арбенина И. Н. Ирина Николаевна
Ngôn ngữ:Tiếng Nga
Được phát hành: Москва, ЭКСМО-Пресс, 2001
Loạt:Детектив глазами женщины
Những chủ đề:
Định dạng: Sách
KOHA link:https://koha.lib.tpu.ru/cgi-bin/koha/opac-detail.pl?biblionumber=27142

MARC

LEADER 00000nam0a2200000 4500
001 27142
005 20231030202028.0
010 |a 5040072430 
035 |a (RuTPU)RU\TPU\book\27391 
035 |a BOOK00000012 
090 |a 27142 
100 |a 20011209d2001 m y0rusy50 ca 
101 0 |a rus 
102 |a RU 
105 |a y z 000ay 
200 1 |a Фамильное приведение  |e Роман  |f И. Н. Арбенина 
210 |a Москва  |c ЭКСМО-Пресс  |d 2001 
215 |a 412 с. 
225 1 |a Детектив глазами женщины 
610 1 |a романы 
610 1 |a детективы 
675 |a Р2  |v 3 
700 1 |a Арбенина  |b И. Н.  |g Ирина Николаевна 
801 0 |a RU  |b 63413507  |c 20011209  |g PSBO 
801 2 |a RU  |b 63413507  |c 20051114  |g PSBO 
942 |c BK